000 00297nam a2200121Ia 4500
008 190216s9999||||xx |||||||||||||| ||und||
100 _aAbdul Al Ala Maududi
245 0 _aNirmanavum Samharavum
260 _bIslamic Publishing House
_c2001
300 _a38
650 _aIslam Matham
942 _cBK
999 _c22521
_d22521